Normal view
MARC view
- सप्रे एस
Entry Personal Name
001 - CONTROL NUMBER
- control field: 216596
003 - CONTROL NUMBER IDENTIFIER
- control field: OSt
005 - DATE AND TIME OF LATEST TRANSACTION
- control field: 20260204135155.0
008 - FIXED-LENGTH DATA ELEMENTS
- fixed length control field: 260204|| aca||aabn | a|a d
040 ## - CATALOGING SOURCE
- Original cataloging agency: OSt
- Transcribing agency: OSt
100 ## - HEADING--PERSONAL NAME
- Personal name: सप्रे एस
670 ## - SOURCE DATA FOUND
- Source citation: Work cat.: (OSt)370198: सप्रे एस. , प्रत्येक राष्ट्रभक्ताचे स्वप्न अखंड भारत, 2024